<?xml version="1.0" encoding="UTF-8"?>
<record
    xmlns:xsi="http://www.w3.org/2001/XMLSchema-instance"
    xsi:schemaLocation="http://www.loc.gov/MARC21/slim http://www.loc.gov/standards/marcxml/schema/MARC21slim.xsd"
    xmlns="http://www.loc.gov/MARC21/slim">

  <leader>00633nam a22002297a 4500</leader>
  <controlfield tag="003">DEla salle</controlfield>
  <controlfield tag="005">20140310183004.0</controlfield>
  <controlfield tag="008">130209t        xxu||||| |||| 00| 0 eng d</controlfield>
  <datafield tag="020" ind1=" " ind2=" ">
    <subfield code="a">971084184x</subfield>
  </datafield>
  <datafield tag="050" ind1=" " ind2=" ">
    <subfield code="a">PN5422 </subfield>
    <subfield code="b">.P36 2009</subfield>
  </datafield>
  <datafield tag="082" ind1=" " ind2=" ">
    <subfield code="a">PN5422</subfield>
    <subfield code="b">.P36 2009</subfield>
  </datafield>
  <datafield tag="100" ind1=" " ind2=" ">
    <subfield code="a">Pangilinan, Estelita Constantino </subfield>
  </datafield>
  <datafield tag="245" ind1=" " ind2=" ">
    <subfield code="a">Journalism handbook /</subfield>
    <subfield code="c">Estelita Constantino Pangilinan.</subfield>
  </datafield>
  <datafield tag="250" ind1=" " ind2=" ">
    <subfield code="a">rev .ed.</subfield>
  </datafield>
  <datafield tag="260" ind1=" " ind2=" ">
    <subfield code="a">Mandaluyong City :</subfield>
    <subfield code="b">National Book Store,</subfield>
    <subfield code="c">2009.</subfield>
  </datafield>
  <datafield tag="300" ind1=" " ind2=" ">
    <subfield code="a">x, 205 p. : </subfield>
    <subfield code="c">26 cm.</subfield>
    <subfield code="b">ill. ;</subfield>
  </datafield>
  <datafield tag="521" ind1=" " ind2=" ">
    <subfield code="a">MC</subfield>
  </datafield>
  <datafield tag="650" ind1=" " ind2=" ">
    <subfield code="a">Journalism</subfield>
  </datafield>
  <datafield tag="942" ind1=" " ind2=" ">
    <subfield code="2">lcc</subfield>
    <subfield code="c">BK</subfield>
    <subfield code="k">LOC</subfield>
  </datafield>
  <datafield tag="999" ind1=" " ind2=" ">
    <subfield code="c">18158</subfield>
    <subfield code="d">18158</subfield>
  </datafield>
  <datafield tag="952" ind1=" " ind2=" ">
    <subfield code="0">0</subfield>
    <subfield code="1">0</subfield>
    <subfield code="2">lcc</subfield>
    <subfield code="4">0</subfield>
    <subfield code="a">CL</subfield>
    <subfield code="b">CL</subfield>
    <subfield code="c">FIL</subfield>
    <subfield code="d">2013-11-12</subfield>
    <subfield code="e">Library Fund</subfield>
    <subfield code="l">0</subfield>
    <subfield code="o">PN 5422 .P36 2009</subfield>
    <subfield code="p">C12004</subfield>
    <subfield code="r">2018-05-08 00:00:00</subfield>
    <subfield code="t">1</subfield>
    <subfield code="w">2013-11-12</subfield>
    <subfield code="y">BK</subfield>
  </datafield>
  <datafield tag="952" ind1=" " ind2=" ">
    <subfield code="0">0</subfield>
    <subfield code="1">0</subfield>
    <subfield code="2">lcc</subfield>
    <subfield code="4">0</subfield>
    <subfield code="a">CL</subfield>
    <subfield code="b">CL</subfield>
    <subfield code="c">FIL</subfield>
    <subfield code="d">2013-11-12</subfield>
    <subfield code="e">Library Fund</subfield>
    <subfield code="l">1</subfield>
    <subfield code="m">4</subfield>
    <subfield code="o">PN 5422  .P36 2009</subfield>
    <subfield code="p">C12005</subfield>
    <subfield code="r">2018-09-13 00:00:00</subfield>
    <subfield code="s">2018-08-16</subfield>
    <subfield code="t">2</subfield>
    <subfield code="w">2013-11-12</subfield>
    <subfield code="y">BK</subfield>
  </datafield>
</record>
